000 00651nam a22002297a 4500
003 UA-OsUOA
001 99213
007 ta
008 20130425b un ||||| |||| 00| 0 ukr d
100 _aСоловьева В.
090 _a821.161.1
_bС60
942 _cBK
040 _aUA-OsUOA
_brus
_cUA-OsUOA
_dUA-OsUOA
245 _aВойти дважды
_bповесть
300 _a256 с.
955 _a2
041 _arus
080 _a821.161.1
260 _aМ.
_bМолодая гвардия
_c1987
650 7 _a8 Мовознавство. Художня література. Літературознавство
_2UDC
999 _c385636
_d385636